000 00521nam a2200193Ia 4500
005 20250508165635.0
008 008 250505s9999 xx 000 0 eng d
037 _aTextual
040 _aFEDL
_beng
_cFEDL
041 _aeng
_2eng
084 _a500, HAZ
_qFEDL
100 _aHazen Robert M.
_9503595
245 0 _aSuperconductors : the breakthrough
260 _aLondon, UK
_bUnwin Paperback
_c1989
300 _a275 p.
365 _aGBP
_b5.99
942 _cTEXL
_h500, HAZ
999 _c1396415
_d1396415